Trippie Redd Discography - Statistics

General Stats
  • This quiz has been taken 200 times
    112 since last reset
  • The average score is 9 of 19
Answer Stats
Year Name Type % Correct
2019 ! Album
100%
2017 A Love Letter to You Mixtape
94%
2017 A Love Letter to You 2 Mixtape
88%
2018 A Love Letter to You 3 Mixtape
87%
2019 A Love Letter to You 4 Mixtape
86%
2018 Life's a Trip Album
78%
2020 Pegasus Album
73%
2021 Trip at Knight Album
71%
TBA* A Love Letter to You 5 Mixtape
64%
2017 Angels and Demons Collaborative EP
22%
2021 Neon Shark vs Pegasus Reissued Album
21%
2016 Beast Mode EP
19%
2020 Spooky Sounds EP
16%
2017 White Room Project EP
14%
2016 Rock, the World Trippie EP
12%
2019 Old Self Mixtape
11%
2016 Awakening My Inner Beast EP
10%
2017 A Love Letter You'll Never Get EP
7%
2018 TR666+!$ 1400/800 EP
5%
No matching quizzes found
Score Distribution
Percent of People with Each Score
Percentile by Number Answered
Your Score History
You have not taken this quiz since the last reset